[Event "Deutsche Ländermeisterschaft 2025"]
[Site "Oer-Erkenschwick GER"]
[Date "2025.10.02"]
[Round "3"]
[White "Sydykov, Bayastan"]
[Black "Besou, Hussain"]
[Result "0-1"]
[Termination "normal"]
[Board "1.1"]
[WhiteTitle "FM"]
[BlackTitle "FM"]
[WhiteElo "2357"]
[BlackElo "2376"]
[WhiteClock "00:10:51"]
[BlackClock "00:15:43"]
[WhiteTeam "Baden"]
[BlackTeam "Nordrhein-Westfalen 1"]
[PlyCount "130"]
[WhiteFideId "13829610"]
[BlackFideId "16269950"]
[EventCountry "GER"]
[EventRounds "7"]
[EventType "team-swiss"]
[EventDate "2025.09.30"]

1. e4 {[%clk 01:30:55]} {[%emt 00:00:04]} e5 {[%clk 01:30:40]} {[%emt
00:00:20]} 2. Nf3 {[%clk 01:31:09]} {[%emt 00:00:16]} Nc6 {[%clk 01:31:02]}
{[%emt 00:00:07]} 3. Bb5 {[%clk 01:31:24]} {[%emt 00:00:16]} a6 {[%clk
01:31:16]} {[%emt 00:00:14]} 4. Ba4 {[%clk 01:31:41]} {[%emt 00:00:14]} Nf6
{[%clk 01:31:28]} {[%emt 00:00:18]} 5. Nc3 {[%clk 01:31:20]} {[%emt 00:00:52]}
b5 {[%clk 01:28:52]} {[%emt 00:03:05]} 6. Bb3 {[%clk 01:31:41]} {[%emt
00:00:09]} Bc5 {[%clk 01:29:16]} {[%emt 00:00:06]} 7. d3 {[%clk 01:26:40]}
{[%emt 00:05:33]} h6 {[%clk 01:27:59]} {[%emt 00:01:46]} 8. O-O {[%clk
01:24:27]} {[%emt 00:02:43]} d6 {[%clk 01:24:29]} {[%emt 00:03:59]} 9. a4
{[%clk 01:16:04]} {[%emt 00:08:54]} Rb8 {[%clk 01:21:38]} {[%emt 00:03:21]} 10.
axb5 {[%clk 01:09:11]} {[%emt 00:07:23]} axb5 {[%clk 01:21:57]} {[%emt
00:00:10]} 11. h3 {[%clk 01:02:34]} {[%emt 00:07:08]} O-O {[%clk 01:07:08]}
{[%emt 00:15:19]} 12. Be3 {[%clk 00:59:35]} {[%emt 00:03:30]} Bb6 {[%clk
00:58:05]} {[%emt 00:09:32]} 13. Ne2 {[%clk 00:43:27]} {[%emt 00:16:38]} Ne7
{[%clk 00:53:19]} {[%emt 00:05:15]} 14. Ng3 {[%clk 00:40:21]} {[%emt 00:03:36]}
c5 {[%clk 00:44:26]} {[%emt 00:09:22]} 15. c3 {[%clk 00:37:45]} {[%emt
00:03:07]} Ng6 {[%clk 00:40:50]} {[%emt 00:04:05]} 16. d4 {[%clk 00:33:48]}
{[%emt 00:04:29]} Bb7 {[%clk 00:31:01]} {[%emt 00:10:18]} 17. Bc2 {[%clk
00:32:04]} {[%emt 00:02:15]} Re8 {[%clk 00:22:52]} {[%emt 00:08:39]} 18. d5
{[%clk 00:25:04]} {[%emt 00:07:30]} c4 {[%clk 00:22:53]} {[%emt 00:00:29]} 19.
Qd2 {[%clk 00:24:45]} {[%emt 00:00:50]} Bxe3 {[%clk 00:22:27]} {[%emt
00:00:56]} 20. Qxe3 {[%clk 00:24:35]} {[%emt 00:00:40]} Nf4 {[%clk 00:20:43]}
{[%emt 00:02:14]} 21. Ra7 {[%clk 00:23:38]} {[%emt 00:01:27]} Bc8 {[%clk
00:16:34]} {[%emt 00:04:37]} 22. Kh2 {[%clk 00:22:37]} {[%emt 00:01:32]} Nd7
{[%clk 00:14:27]} {[%emt 00:02:36]} 23. Rfa1 {[%clk 00:14:04]} {[%emt
00:09:03]} b4 {[%clk 00:06:30]} {[%emt 00:08:27]} 24. Ba4 {[%clk 00:12:36]}
{[%emt 00:01:59]} Rf8 {[%clk 00:05:06]} {[%emt 00:01:54]} 25. Nf5 {[%clk
00:11:53]} {[%emt 00:01:12]} bxc3 {[%clk 00:04:28]} {[%emt 00:01:08]} 26. bxc3
{[%clk 00:09:49]} {[%emt 00:02:35]} Rb2 {[%clk 00:02:04]} {[%emt 00:02:54]} 27.
Bd1 {[%clk 00:07:40]} {[%emt 00:02:39]} Qf6 {[%clk 00:01:47]} {[%emt 00:00:46]}
28. Nd2 {[%clk 00:05:35]} {[%emt 00:02:36]} Nc5 {[%clk 00:00:40]} {[%emt
00:01:36]} 29. Ne7+ {[%clk 00:05:39]} {[%emt 00:00:25]} Kh7 {[%clk 00:01:05]}
{[%emt 00:00:05]} 30. Nxc4 {[%clk 00:05:24]} {[%emt 00:00:45]} Rb7 {[%clk
00:00:39]} {[%emt 00:00:55]} 31. Rxb7 {[%clk 00:04:06]} {[%emt 00:01:49]} Bxb7
{[%clk 00:01:01]} {[%emt 00:00:08]} 32. Nf5 {[%clk 00:04:31]} {[%emt 00:00:05]}
Nxe4 {[%clk 00:00:46]} {[%emt 00:00:45]} 33. Bc2 {[%clk 00:03:50]} {[%emt
00:01:10]} g6 {[%clk 00:00:57]} {[%emt 00:00:19]} 34. Bxe4 {[%clk 00:00:38]}
{[%emt 00:03:43]} gxf5 {[%clk 00:01:23]} {[%emt 00:00:04]} 35. Ra7 {[%clk
00:00:37]} {[%emt 00:00:31]} Rb8 {[%clk 00:00:37]} {[%emt 00:01:16]} 36. Qb6
{[%emt 00:00:42]} fxe4 {[%clk 00:00:40]} {[%emt 00:00:21]} 37. Rxb7 {[%clk
00:00:54]} {[%emt 00:00:08]} Rg8 {[%clk 00:00:39]} {[%emt 00:00:30]} 38. Ne3
{[%clk 00:00:40]} {[%emt 00:00:44]} Nd3 {[%clk 00:00:32]} {[%emt 00:00:37]} 39.
Ng4 {[%clk 00:00:38]} {[%emt 00:00:32]} Rxg4 {[%clk 00:00:38]} {[%emt
00:00:24]} 40. hxg4 {[%clk 00:01:07]} {[%emt 00:00:02]} Nxf2 {[%clk 00:00:58]}
{[%emt 00:00:10]} 41. Qc7 {[%clk 00:19:08]} {[%emt 00:12:28]} Nxg4+ {[%clk
00:27:07]} {[%emt 00:04:21]} 42. Kh3 {[%clk 00:19:25]} {[%emt 00:00:14]} Nf2+
{[%clk 00:27:30]} {[%emt 00:00:05]} 43. Kh2 {[%clk 00:19:51]} {[%emt 00:00:05]}
Kg7 {[%clk 00:27:15]} {[%emt 00:00:44]} 44. Qd7 {[%clk 00:19:44]} {[%emt
00:00:38]} e3 {[%clk 00:23:47]} {[%emt 00:03:57]} 45. Kg1 {[%clk 00:19:11]}
{[%emt 00:01:03]} e2 {[%clk 00:24:01]} {[%emt 00:00:15]} 46. Qxf7+ {[%clk
00:15:00]} {[%emt 00:04:41]} Qxf7 {[%clk 00:24:27]} {[%emt 00:00:04]} 47. Rxf7+
{[%clk 00:15:23]} {[%emt 00:00:07]} Kxf7 {[%clk 00:24:52]} {[%emt 00:00:05]}
48. Kxf2 {[%clk 00:15:50]} {[%emt 00:00:04]} e1=Q+ {[%clk 00:10:44]} {[%emt
00:14:38]} 49. Kxe1 {[%clk 00:16:18]} {[%emt 00:00:02]} Ke7 {[%clk 00:10:32]}
{[%emt 00:00:42]} 50. Ke2 {[%clk 00:07:46]} {[%emt 00:09:02]} Kd7 {[%clk
00:10:35]} {[%emt 00:00:27]} 51. Kd3 {[%clk 00:06:52]} {[%emt 00:01:24]} Kc7
{[%clk 00:10:45]} {[%emt 00:00:19]} 52. Kc4 {[%clk 00:07:11]} {[%emt 00:00:12]}
Kb6 {[%clk 00:11:08]} {[%emt 00:00:06]} 53. Kb4 {[%clk 00:07:30]} {[%emt
00:00:11]} h5 {[%clk 00:11:30]} {[%emt 00:00:07]} 54. g3 {[%clk 00:07:44]}
{[%emt 00:00:16]} Ka6 {[%clk 00:11:53]} {[%emt 00:00:06]} 55. Ka4 {[%clk
00:07:43]} {[%emt 00:00:32]} e4 {[%clk 00:12:10]} {[%emt 00:00:13]} 56. Kb3
{[%clk 00:08:09]} {[%emt 00:00:04]} Kb5 {[%clk 00:12:33]} {[%emt 00:00:06]} 57.
c4+ {[%clk 00:08:36]} {[%emt 00:00:04]} Kc5 {[%clk 00:12:58]} {[%emt 00:00:06]}
58. Kc3 {[%clk 00:08:35]} {[%emt 00:00:30]} e3 {[%clk 00:13:22]} {[%emt
00:00:05]} 59. Kd3 {[%clk 00:09:02]} {[%emt 00:00:04]} e2 {[%clk 00:13:42]}
{[%emt 00:00:11]} 60. Kxe2 {[%clk 00:09:28]} {[%emt 00:00:04]} Kxc4 {[%clk
00:14:08]} {[%emt 00:00:04]} 61. Ke3 {[%clk 00:09:25]} {[%emt 00:00:33]} Kxd5
{[%clk 00:14:33]} {[%emt 00:00:04]} 62. Kd3 {[%clk 00:09:49]} {[%emt 00:00:06]}
Ke5 {[%clk 00:14:34]} {[%emt 00:00:29]} 63. Ke3 {[%clk 00:09:59]} {[%emt
00:00:20]} Kf5 {[%clk 00:14:59]} {[%emt 00:00:05]} 64. Kf3 {[%clk 00:10:24]}
{[%emt 00:00:05]} d5 {[%clk 00:15:18]} {[%emt 00:00:11]} 65. Ke3 {[%clk
00:10:51]} {[%emt 00:00:04]} Kg4 {[%clk 00:15:43]} 0-1

[Event "Deutsche Ländermeisterschaft 2025"]
[Site "Oer-Erkenschwick GER"]
[Date "2025.10.02"]
[Round "3"]
[White "Korchynskyi, Mykola"]
[Black "Semling, Julius"]
[Result "1-0"]
[Termination "normal"]
[Board "1.2"]
[WhiteTitle "FM"]
[WhiteElo "2372"]
[BlackElo "2251"]
[WhiteClock "00:19:35"]
[BlackClock "00:18:13"]
[WhiteTeam "Nordrhein-Westfalen 1"]
[BlackTeam "Baden"]
[PlyCount "99"]
[WhiteFideId "34138005"]
[BlackFideId "16290160"]
[EventCountry "GER"]
[EventRounds "7"]
[EventType "team-swiss"]
[EventDate "2025.09.30"]

1. e4 {[%clk 01:30:51]} {[%emt 00:00:09]} c5 {[%clk 01:30:25]} {[%emt
00:00:36]} 2. Nf3 {[%clk 01:31:16]} {[%emt 00:00:06]} d6 {[%clk 01:30:38]}
{[%emt 00:00:16]} 3. d4 {[%clk 01:31:41]} {[%emt 00:00:05]} cxd4 {[%clk
01:30:54]} {[%emt 00:00:13]} 4. Nxd4 {[%clk 01:32:08]} {[%emt 00:00:04]} Nf6
{[%clk 01:31:08]} {[%emt 00:00:15]} 5. Nc3 {[%clk 01:32:34]} {[%emt 00:00:04]}
Nc6 {[%clk 01:26:41]} {[%emt 00:04:58]} 6. Bg5 {[%clk 01:28:42]} {[%emt
00:04:21]} e6 {[%clk 01:26:55]} {[%emt 00:00:17]} 7. Qd2 {[%clk 01:28:22]}
{[%emt 00:00:49]} a6 {[%clk 01:26:52]} {[%emt 00:00:34]} 8. O-O-O {[%clk
01:28:37]} {[%emt 00:00:15]} Bd7 {[%clk 01:26:58]} {[%emt 00:00:24]} 9. f3
{[%clk 01:28:13]} {[%emt 00:00:54]} Nxd4 {[%clk 01:26:13]} {[%emt 00:01:15]}
10. Qxd4 {[%clk 01:28:37]} {[%emt 00:00:06]} Be7 {[%clk 01:25:40]} {[%emt
00:01:02]} 11. Kb1 {[%clk 01:26:43]} {[%emt 00:02:25]} Qc7 {[%clk 01:22:26]}
{[%emt 00:03:44]} 12. Qd2 {[%clk 01:22:38]} {[%emt 00:04:34]} b5 {[%clk
01:17:30]} {[%emt 00:05:26]} 13. g4 {[%clk 01:22:07]} {[%emt 00:01:01]} Rc8
{[%clk 01:08:48]} {[%emt 00:09:12]} 14. Bd3 {[%clk 01:08:08]} {[%emt 00:14:29]}
b4 {[%clk 01:00:45]} {[%emt 00:08:33]} 15. Ne2 {[%clk 01:08:27]} {[%emt
00:00:11]} Bb5 {[%clk 00:47:00]} {[%emt 00:14:16]} 16. Nd4 {[%clk 00:53:32]}
{[%emt 00:15:25]} Bxd3 {[%clk 00:44:47]} {[%emt 00:02:42]} 17. cxd3 {[%clk
00:45:53]} {[%emt 00:08:10]} Qb7 {[%clk 00:41:51]} {[%emt 00:03:26]} 18. Rc1
{[%clk 00:42:27]} {[%emt 00:03:56]} O-O {[%clk 00:40:36]} {[%emt 00:01:44]} 19.
Rxc8 {[%clk 00:40:35]} {[%emt 00:02:22]} Rxc8 {[%clk 00:40:54]} {[%emt
00:00:12]} 20. Rc1 {[%clk 00:41:03]} {[%emt 00:00:02]} Rc5 {[%clk 00:32:57]}
{[%emt 00:08:27]} 21. Be3 {[%clk 00:33:12]} {[%emt 00:08:21]} d5 {[%clk
00:28:25]} {[%emt 00:05:02]} 22. Rxc5 {[%clk 00:19:48]} {[%emt 00:13:54]} Bxc5
{[%clk 00:28:32]} {[%emt 00:00:24]} 23. Qc1 {[%clk 00:19:09]} {[%emt 00:01:09]}
Bxd4 {[%clk 00:21:46]} {[%emt 00:07:16]} 24. Bxd4 {[%clk 00:19:20]} {[%emt
00:00:18]} dxe4 {[%clk 00:17:49]} {[%emt 00:04:27]} 25. g5 {[%clk 00:17:11]}
{[%emt 00:02:39]} Nd7 {[%clk 00:16:26]} {[%emt 00:01:53]} 26. fxe4 {[%clk
00:17:25]} {[%emt 00:00:17]} e5 {[%clk 00:14:15]} {[%emt 00:02:42]} 27. Be3
{[%clk 00:17:14]} {[%emt 00:00:40]} Kf8 {[%clk 00:08:44]} {[%emt 00:06:01]} 28.
Qc4 {[%clk 00:13:25]} {[%emt 00:04:19]} a5 {[%clk 00:08:23]} {[%emt 00:00:51]}
29. Kc2 {[%clk 00:13:32]} {[%emt 00:00:23]} a4 {[%clk 00:04:01]} {[%emt
00:04:53]} 30. b3 {[%clk 00:12:28]} {[%emt 00:01:34]} axb3+ {[%clk 00:03:19]}
{[%emt 00:01:12]} 31. Kxb3 {[%clk 00:12:55]} {[%emt 00:00:03]} Ke8 {[%clk
00:03:28]} {[%emt 00:00:21]} 32. Qxb4 {[%clk 00:13:15]} {[%emt 00:00:10]} Qa6
{[%clk 00:03:45]} {[%emt 00:00:12]} 33. Qc4 {[%clk 00:13:17]} {[%emt 00:00:29]}
Qa5 {[%clk 00:02:54]} {[%emt 00:01:21]} 34. Kc2 {[%clk 00:12:14]} {[%emt
00:01:32]} Qa3 {[%clk 00:01:45]} {[%emt 00:01:40]} 35. Bd2 {[%clk 00:11:05]}
{[%emt 00:01:39]} Nc5 {[%clk 00:00:50]} {[%emt 00:01:25]} 36. Bb4 {[%clk
00:10:44]} {[%emt 00:00:51]} Qa4+ {[%clk 00:00:54]} {[%emt 00:00:26]} 37. Kc3
{[%emt 00:04:33]} Ne6 {[%clk 00:00:54]} 38. Qc8+ {[%clk 00:06:46]} {[%emt
00:00:54]} Nd8 {[%clk 00:01:23]} {[%emt 00:00:01]} 39. Qc5 {[%clk 00:06:56]}
{[%emt 00:00:17]} Qc6 {[%clk 00:01:04]} {[%emt 00:00:52]} 40. Qxc6+ {[%clk
00:06:05]} {[%emt 00:01:21]} Nxc6 {[%clk 00:01:33]} {[%emt 00:00:01]} 41. Bc5
{[%clk 00:02:36]} {[%emt 00:04:00]} Kd7 {[%clk 00:00:35]} {[%emt 00:01:28]} 42.
Kc4 {[%clk 00:02:21]} {[%emt 00:00:45]} Nd8 {[%clk 00:25:28]} {[%emt 00:05:37]}
43. Kd5 {[%clk 00:25:46]} {[%emt 00:07:05]} Ne6 {[%clk 00:24:05]} {[%emt
00:01:52]} 44. Be3 {[%clk 00:24:37]} {[%emt 00:01:40]} f6 {[%clk 00:23:47]}
{[%emt 00:00:48]} 45. gxf6 {[%clk 00:24:37]} {[%emt 00:00:31]} gxf6 {[%clk
00:24:15]} {[%emt 00:00:01]} 46. a4 {[%clk 00:24:52]} {[%emt 00:00:15]} Nd8
{[%clk 00:21:52]} {[%emt 00:02:53]} 47. a5 {[%clk 00:22:11]} {[%emt 00:03:11]}
Nc6 {[%clk 00:21:30]} {[%emt 00:00:52]} 48. Bb6 {[%clk 00:22:13]} {[%emt
00:00:28]} Nb8 {[%clk 00:19:14]} {[%emt 00:02:47]} 49. Kc5 {[%clk 00:22:05]}
{[%emt 00:00:38]} h5 {[%clk 00:18:13]} {[%emt 00:01:31]} 50. h4 {[%clk
00:19:35]} {[%emt 00:03:00]} 1-0

[Event "Deutsche Ländermeisterschaft 2025"]
[Site "Oer-Erkenschwick GER"]
[Date "2025.10.02"]
[Round "3"]
[White "Semling, Johannes"]
[Black "Gallasch, Jonas"]
[Result "1/2-1/2"]
[Termination "normal"]
[Board "1.3"]
[BlackTitle "FM"]
[WhiteElo "2215"]
[BlackElo "2304"]
[WhiteClock "00:14:45"]
[BlackClock "00:02:58"]
[WhiteTeam "Baden"]
[BlackTeam "Nordrhein-Westfalen 1"]
[PlyCount "60"]
[WhiteFideId "16290151"]
[BlackFideId "16222474"]
[EventCountry "GER"]
[EventRounds "7"]
[EventType "team-swiss"]
[EventDate "2025.09.30"]

1. e4 {[%clk 01:30:58]} c6 {[%clk 01:30:50]} {[%emt 00:00:10]} 2. Nf3 {[%clk
01:31:24]} {[%emt 00:00:05]} d5 {[%clk 01:31:16]} {[%emt 00:00:04]} 3. d3
{[%clk 01:31:49]} {[%emt 00:00:06]} g6 {[%clk 01:31:41]} {[%emt 00:00:04]} 4.
e5 {[%clk 01:30:54]} {[%emt 00:01:26]} f6 {[%clk 01:32:05]} {[%emt 00:00:06]}
5. exf6 {[%clk 01:29:57]} {[%emt 00:01:27]} exf6 {[%clk 01:32:30]} {[%emt
00:00:05]} 6. d4 {[%clk 01:29:33]} {[%emt 00:00:54]} Ne7 {[%clk 01:32:55]}
{[%emt 00:00:04]} 7. Bd3 {[%clk 01:29:14]} {[%emt 00:00:50]} Na6 {[%clk
01:32:08]} {[%emt 00:01:17]} 8. O-O {[%clk 01:24:17]} {[%emt 00:05:27]} Nc7
{[%clk 01:32:17]} {[%emt 00:00:21]} 9. Re1 {[%clk 01:21:59]} {[%emt 00:02:48]}
Kf7 {[%clk 01:28:42]} {[%emt 00:04:06]} 10. Nc3 {[%clk 01:17:20]} {[%emt
00:05:08]} Be6 {[%clk 01:17:37]} {[%emt 00:11:35]} 11. Ne2 {[%clk 01:12:40]}
{[%emt 00:05:10]} Bf5 {[%clk 01:09:10]} {[%emt 00:08:58]} 12. Ng3 {[%clk
01:06:16]} {[%emt 00:06:53]} Bxd3 {[%clk 01:08:44]} {[%emt 00:00:57]} 13. Qxd3
{[%clk 01:06:40]} {[%emt 00:00:06]} Bg7 {[%clk 01:04:49]} {[%emt 00:04:25]} 14.
Bd2 {[%clk 01:01:28]} {[%emt 00:05:41]} Qd7 {[%clk 00:57:58]} {[%emt 00:07:22]}
15. Re3 {[%clk 00:53:00]} {[%emt 00:08:57]} Rae8 {[%clk 00:55:05]} {[%emt
00:03:24]} 16. Bb4 {[%clk 00:49:45]} {[%emt 00:03:43]} Nc8 {[%clk 00:50:28]}
{[%emt 00:05:08]} 17. Rxe8 {[%clk 00:43:43]} {[%emt 00:06:33]} Rxe8 {[%clk
00:50:04]} {[%emt 00:00:54]} 18. Re1 {[%clk 00:38:48]} {[%emt 00:05:23]} Rxe1+
{[%clk 00:48:32]} {[%emt 00:02:03]} 19. Nxe1 {[%clk 00:38:08]} {[%emt
00:01:10]} Ne6 {[%clk 00:48:50]} {[%emt 00:00:11]} 20. Ne2 {[%clk 00:33:09]}
{[%emt 00:05:30]} b6 {[%clk 00:41:43]} {[%emt 00:07:38]} 21. Qe3 {[%clk
00:30:48]} {[%emt 00:02:48]} a5 {[%clk 00:36:02]} {[%emt 00:06:13]} 22. Ba3
{[%clk 00:29:23]} {[%emt 00:01:54]} Nc7 {[%clk 00:27:35]} {[%emt 00:08:57]} 23.
b3 {[%clk 00:25:29]} {[%emt 00:04:25]} Nb5 {[%clk 00:28:01]} {[%emt 00:00:04]}
24. Bb2 {[%clk 00:25:49]} {[%emt 00:00:09]} Ncd6 {[%clk 00:28:24]} {[%emt
00:00:07]} 25. a4 {[%clk 00:22:59]} {[%emt 00:03:20]} Nc7 {[%clk 00:28:47]}
{[%emt 00:00:07]} 26. Nd3 {[%clk 00:21:46]} {[%emt 00:01:42]} Nf5 {[%clk
00:25:17]} {[%emt 00:04:02]} 27. Qf3 {[%clk 00:19:06]} {[%emt 00:03:08]} Ne6
{[%clk 00:15:17]} {[%emt 00:10:32]} 28. Ndf4 {[%clk 00:16:52]} {[%emt
00:02:41]} Qe7 {[%clk 00:10:43]} {[%emt 00:05:07]} 29. Nxe6 {[%clk 00:15:04]}
{[%emt 00:02:17]} Qxe6 {[%clk 00:11:07]} {[%emt 00:00:07]} 30. Kf1 {[%clk
00:14:45]} {[%emt 00:00:49]} Nd6 {[%clk 00:02:58]} {[%emt 00:08:39]} 1/2-1/2

[Event "Deutsche Ländermeisterschaft 2025"]
[Site "Oer-Erkenschwick GER"]
[Date "2025.10.02"]
[Round "3"]
[White "Möller, Maurin"]
[Black "Haug, Mara"]
[Result "1-0"]
[Termination "normal"]
[Board "1.4"]
[WhiteTitle "FM"]
[WhiteElo "2317"]
[BlackElo "2078"]
[WhiteClock "00:15:04"]
[BlackClock "00:03:15"]
[WhiteTeam "Nordrhein-Westfalen 1"]
[BlackTeam "Baden"]
[PlyCount "75"]
[WhiteFideId "16265696"]
[BlackFideId "16259300"]
[EventCountry "GER"]
[EventRounds "7"]
[EventType "team-swiss"]
[EventDate "2025.09.30"]

1. e4 {[%clk 01:30:55]} {[%emt 00:00:04]} c5 {[%clk 01:30:55]} {[%emt
00:00:06]} 2. Nf3 {[%clk 01:31:19]} {[%emt 00:00:05]} Nc6 {[%clk 01:31:21]}
{[%emt 00:00:04]} 3. c3 {[%clk 01:31:43]} {[%emt 00:00:06]} d5 {[%clk
01:31:44]} {[%emt 00:00:08]} 4. exd5 {[%clk 01:32:06]} {[%emt 00:00:07]} Qxd5
{[%clk 01:32:10]} {[%emt 00:00:03]} 5. d4 {[%clk 01:32:28]} {[%emt 00:00:08]}
Nf6 {[%clk 01:32:15]} {[%emt 00:00:26]} 6. Be3 {[%clk 01:27:39]} {[%emt
00:05:18]} Bf5 {[%clk 01:31:12]} {[%emt 00:01:33]} 7. dxc5 {[%clk 01:16:20]}
{[%emt 00:11:50]} Qxd1+ {[%clk 01:28:54]} {[%emt 00:02:48]} 8. Kxd1 {[%clk
01:16:45]} {[%emt 00:00:05]} e6 {[%clk 01:26:36]} {[%emt 00:02:49]} 9. b4
{[%clk 01:01:36]} {[%emt 00:15:39]} Nd5 {[%clk 01:21:46]} {[%emt 00:05:19]} 10.
Bd2 {[%clk 01:01:05]} {[%emt 00:01:01]} a5 {[%clk 01:13:31]} {[%emt 00:08:46]}
11. Bb5 {[%clk 01:01:02]} {[%emt 00:00:32]} axb4 {[%clk 00:57:09]} {[%emt
00:16:54]} 12. cxb4 {[%clk 01:01:26]} {[%emt 00:00:06]} Be7 {[%clk 00:56:54]}
{[%emt 00:00:45]} 13. Ne5 {[%clk 00:37:47]} {[%emt 00:24:09]} Bf6 {[%clk
00:53:50]} {[%emt 00:03:35]} 14. Nxc6 {[%clk 00:33:20]} {[%emt 00:04:57]} Bxa1
{[%clk 00:52:31]} {[%emt 00:01:49]} 15. Nd4+ {[%clk 00:33:46]} {[%emt
00:00:04]} Kf8 {[%clk 00:51:38]} {[%emt 00:01:22]} 16. Nxf5 {[%clk 00:34:11]}
{[%emt 00:00:06]} exf5 {[%clk 00:51:59]} {[%emt 00:00:09]} 17. Bc4 {[%clk
00:30:01]} {[%emt 00:04:40]} Rd8 {[%clk 00:50:20]} {[%emt 00:02:04]} 18. Kc2
{[%clk 00:28:03]} {[%emt 00:02:33]} Bd4 {[%clk 00:38:51]} {[%emt 00:11:58]} 19.
Rf1 {[%clk 00:28:29]} {[%emt 00:00:05]} h6 {[%clk 00:36:10]} {[%emt 00:03:11]}
20. Na3 {[%clk 00:24:26]} {[%emt 00:04:32]} Nf6 {[%clk 00:29:13]} {[%emt
00:07:27]} 21. Nb5 {[%clk 00:23:06]} {[%emt 00:01:50]} Ne4 {[%clk 00:26:50]}
{[%emt 00:02:53]} 22. Bf4 {[%clk 00:22:22]} {[%emt 00:01:14]} g5 {[%clk
00:11:49]} {[%emt 00:15:31]} 23. Bc7 {[%clk 00:20:37]} {[%emt 00:02:15]} Rc8
{[%clk 00:10:26]} {[%emt 00:01:53]} 24. f3 {[%clk 00:17:36]} {[%emt 00:03:32]}
Rxc7 {[%clk 00:08:29]} {[%emt 00:02:27]} 25. Nxc7 {[%clk 00:17:14]} {[%emt
00:00:52]} Nf6 {[%clk 00:08:21]} {[%emt 00:00:38]} 26. Re1 {[%clk 00:16:58]}
{[%emt 00:00:45]} Kg7 {[%clk 00:07:44]} {[%emt 00:01:08]} 27. Re7 {[%clk
00:16:35]} {[%emt 00:00:53]} Bg1 {[%clk 00:06:38]} {[%emt 00:01:35]} 28. Rxf7+
{[%clk 00:14:31]} {[%emt 00:02:35]} Kg6 {[%clk 00:06:58]} {[%emt 00:00:11]} 29.
Re7 {[%clk 00:14:56]} {[%emt 00:00:04]} Rh7 {[%clk 00:06:08]} {[%emt 00:01:20]}
30. Rxh7 {[%clk 00:15:12]} {[%emt 00:00:14]} Kxh7 {[%clk 00:06:22]} {[%emt
00:00:16]} 31. h3 {[%clk 00:14:55]} {[%emt 00:00:46]} Kg6 {[%clk 00:06:17]}
{[%emt 00:00:35]} 32. a4 {[%clk 00:14:32]} {[%emt 00:00:53]} g4 {[%clk
00:04:35]} {[%emt 00:02:13]} 33. a5 {[%clk 00:14:10]} {[%emt 00:00:52]} Bf2
{[%clk 00:03:51]} {[%emt 00:01:14]} 34. Be6 {[%clk 00:14:00]} {[%emt 00:00:40]}
g3 {[%clk 00:03:49]} {[%emt 00:00:32]} 35. Bc8 {[%clk 00:14:00]} {[%emt
00:00:30]} Nh5 {[%clk 00:03:17]} {[%emt 00:01:02]} 36. Nd5 {[%clk 00:14:21]}
{[%emt 00:00:09]} Kg5 {[%clk 00:02:50]} {[%emt 00:00:58]} 37. Bxb7 {[%clk
00:14:43]} {[%emt 00:00:07]} Nf4 {[%clk 00:03:15]} {[%emt 00:00:05]} 38. h4+
{[%clk 00:15:04]} {[%emt 00:00:09]} 1-0